| 000 | 01539nam a2200445 i 4500 | ||
|---|---|---|---|
| 001 | 44526 | ||
| 003 | KOSZ 005 | ||
| 005 | 20221216092649.0 | ||
| 008 | 010509s2001 pl |000 0 pol | ||
| 015 | _aPB 2001/7582 | ||
| 020 | _a8385428658 | ||
| 040 |
_aWA N _cWA N _dKOSZ 005/HR |
||
| 041 | 0 | _apol | |
| 046 | _k2001 | ||
| 080 | _a005.95/.96 | ||
| 080 | _a658.310.8 | ||
| 100 | 1 |
_aPenc, Józef _d(1939-2017) _eAutor |
|
| 245 | 1 | 0 |
_aKreowanie zachowań w organizacji : _bkonflikty i stresy pracownicze : zmiany i rozwój organizacji / _cJózef Penc. |
| 260 |
_aWarszawa : _b"Placet", _c2001. |
||
| 300 |
_a271 s. ; _c24 cm. |
||
| 336 |
_2rdacontent _aTekst _btxt |
||
| 337 |
_2rdamedia _aBez urządzenia pośredniczącego _bn |
||
| 338 |
_2rdacarrier _aWolumin _bnc |
||
| 380 | _aKsiążki | ||
| 388 | _a2001- | ||
| 490 | 1 | _aBiblioteka Biznesmena. | |
| 500 | _aNa okł. podtyt.: nowe rozumienie kierowania : tworzenie klimatu współdziałania. | ||
| 504 | _aBibliogr. | ||
| 650 | 4 | _aPrzedsiębiorstwo | |
| 650 | 4 | _aRelacje międzyludzkie | |
| 650 | 4 | _aRozwiązywanie konfliktów | |
| 650 | 4 | _aWspółdziałanie | |
| 650 | 4 | _aZarządzanie zasobami ludzkimi (HRM) | |
| 650 | 4 | _aZarządzanie zmianą | |
| 658 | _aZarządzanie i marketing | ||
| 710 | 2 |
_aWydawnictwo Placet _4pbl |
|
| 830 | 0 | _aBiblioteka Biznesmena | |
| 856 |
_uhttp://koha.tu.koszalin.pl/cgi-bin/koha/opac-detail.pl?biblionumber=44526 _yKatalog online BPK |
||
| 942 |
_2UKD _cKS |
||
| 999 |
_c44526 _d44526 |
||